LEADER 02187nam 2200373 450 001 9910138005703321 005 20230226174211.0 035 $a(CKB)3230000000015872 035 $a(NjHacI)993230000000015872 035 $a(EXLCZ)993230000000015872 100 $a20230226d1992 uy 0 101 0 $afre 135 $aur||||||||||| 181 $ctxt$2rdacontent 182 $cc$2rdamedia 183 $acr$2rdacarrier 200 12$aL'expe?rience de l'alle?gement de la dette du Niger /$fAnn Vourc'h and Maina Boukar Moussa 210 1$aParis :$cOECD Publishing,$d[1992] 210 4$dİ1992 215 $a1 online resource (31 pages) 225 0 $aOECD Development Centre Working Papers 320 $aIncludes bibliographical references. 330 $aCe document pre?sente les diffe?rentes mesures d'alle?gement de la dette dont le Niger a be?ne?ficie? depuis 1983. Posse?dant une dette importante a? l'e?gard des banques commerciales, du fait du de?veloppement de l'exploitation de l'uranium, le Niger a eu recours a? la fois au Club de Paris et au Club de Londres pour re?e?chelonner re?gulie?rement sa dette publique. Hormis ces proce?dures traditionnelles, le Niger a e?te? le premier pays a? be?ne?ficier du Fonds de de?sendettement de l'IDA pour racheter sa dette bancaire avec de?cote gra?ce a? des dons. Malgre? l'alle?gement issu de cette ope?ration et celui re?sultant de l'application des termes de Toronto par le Club de Paris, qui en 1991 repre?sentaient l'alle?gement de la dette maximal auquel le Niger pouvait pre?tendre par les proce?dures usuelles, le gouvernement nige?rien ne peut s'acquitter de ses obligations. La politique d'ajustement entreprise et en particulier la tentative d'assainissement des finances publiques, n'ont pas permis de re?tablir l'e?quilibre. 606 $aDebt relief 615 0$aDebt relief. 676 $a332.02402 700 $aVourc'h$b Ann$01287161 702 $aMoussa$b Maina Boukar 801 0$bNjHacI 801 1$bNjHacl 906 $aDOCUMENT 912 $a9910138005703321 996 $aL'expe?rience de l'alle?gement de la dette du Niger$93020052 997 $aUNINA